000
00324nam a2200133Ia 4500
008
210215s9999 xx 000 0 und d
020
_a
9387686000
082
_a
615.5
_b
DES-A
100
_a
DESH PANDEY A.SHILPA
245
2
_a
A PRACTICAL BOOK OF HUMAN ANATOMY
260
_b
NIRALI PRAKASHAN
300
_a
80
942
_c
BK
999
_c
33221
_d
33221